Visualizzazione normale
Vista MARC
di Personal Name
Records bibliografici associati: 1
001 - CONTROL NUMBER
- control field: 916
003 - CONTROL NUMBER IDENTIFIER
- control field: IT-RoPau
005 - DATE AND TIME OF LATEST TRANSACTION
- control field: 20131103212356.0
008 - FIXED-LENGTH DATA ELEMENTS
- fixed length control field: 131103|| aca||aabn | a|a d
040 ## - CATALOGING SOURCE
- Original cataloging agency: IT-RoPau
- Transcribing agency: IT-RoPau
100 ## - HEADING--PERSONAL NAME
- Personal name:
- Miscellaneous information: Codice Autore Musica SPICS: 13253
670 ## - SOURCE DATA FOUND
- Source citation: Work cat.: (IT-RoPau)101025: Townshend Pete 914, Tommy vol.2 (colonna sonora originale del film)-Lp 2486 162